1437 1523 1608 1006 1677 1107 1609 1783 1692 1843 1535 1273 1447 1955 1427 1109 1876 1806 1992 1180 1414 1206 1107 1766 1223 1901 1510 1403 1601 1522 1449 1894 1265 1808 1510 1925 1275 1947 1119 1183 1320 1100 1257 1786 1862 1887 1940 1636 1479 1461 1431 1913 1516 1089 1571 1977 1357 1721 1581 1473 1814 1754 1140 1959 1833 1608 1805 1971 1380 1956 1332 1843 1009 1303 1069 1032 1136 1637 1175 1896 1015 1272 1024 1140 1302 1356 1027 1324 1762 1627 1404 1715 1447 1817 1948 1631 1214 1783 1144 BCNSPRNW ULIB Ver.6.0+V

เปลี่ยนเป็นภาษาไทย

Change to English
 แสดงรายละเอียดบรรณานุกรม
  กลับหน้าหลัก

Brief Record : Get Marc (ISO 2709) : E-mail record : QR code < ปิดหน้าต่าง
LEADER : 00000nam 2200000uu 4500
001    13399126911
003     ULIB
008    190902s2562||||th 000 0 tha d
020    ^a9786164073944
060  4 ^aWK140^bป135ร ล.2
100 0  ^aปฏิณัฐ บูรณะทรัพย์ขจร
245 00 ^aโรคต่อมไร้ท่อและเมตะบอลิสม เล่ม 2 /^bบรรณาธิการ, ปฏิณัฐ บูรณะทรัพย์ขจร [และคนอื่นๆ..]
250    ^aพิมพ์ครั้งที่ 3
260    ^aกรุงเทพฯ :^bเท็กซ์ แอนด์ เจอร์นัล พับลิเคชั่น,^c2562.
300    ^a804 หน้า :^bภาพประกอบ;^c27 ซม.
650  7 ^aต่อมไร้ท่อ^xโรค
700 0  ^aลลิตา วัฒนะจรรยา,^eบรรณาธิการ
700 0  ^aพัชญา บุญชยาอนันต์,^eบรรณาธิการ
700 0  ^aวีรพันธุ์ โขวิฑูรกิจ,^eบรรณาธิการ
710 2  ^aจุฬาลงกรณ์มหาวิทยาลัย.^bภาควิชาอายุรศาสตร์
710 2  ^aจุฬาลงกรณ์มหาวิทยาลัย.^bคณะแพทยศาสตร์
945    ^p900^l0^i005792
945    ^p900^l0^i005791
945    ^p900^l0^i005793
999    ^aอังศุธร กาญจนาโรจน์พันธ์
รายการนี้ยังไม่มีแท็ก
คุณยังไม่ได้ล็อกอิน คุณสามารถมีกิจกรรมร่วมกับเว็บไซต์ได้ แต่ต้องล็อกอินก่อน ::
  ล็อกอิน

รายการสื่อสารสนเทศ

ลำดับที่ ประเภท เลขเรียก/บาร์โค้ด สถานที่ สถานะ
1. วิทยาศาสตร์การแพทย์ และสุขภาพ
หนังสือสำรอง
สถานะ=หนังสือสำรอง
WK140 ป135ร ล.2 ฉ.1 
  Barcode: 005791
ห้องสมุดวิทยาเขตสวรรค์ประชารักษ์
►หนังสือทั่วไป
บนชั้น
2. วิทยาศาสตร์การแพทย์ และสุขภาพ
วิทยาศาสตร์การแพทย์ และสุขภาพ
WK140 ป135ร ล.2 ฉ.2 
  Barcode: 005792
ห้องสมุดวิทยาเขตสวรรค์ประชารักษ์
►หนังสือทั่วไป
บนชั้น
3. วิทยาศาสตร์การแพทย์ และสุขภาพ
วิทยาศาสตร์การแพทย์ และสุขภาพ
WK140 ป135ร ล.2 ฉ.3 
  Barcode: 005793
ห้องสมุดวิทยาเขตสวรรค์ประชารักษ์
►หนังสือทั่วไป
บนชั้น

รายการใกล้เคียง
    ผู้แต่ง [ปฏิณัฐ บูรณะทรัพย์ขจร]

BibComment


ยังไม่เคยถูกคอมเมนท์

คอมเมนท์ทรัพยากรรายการนี้
  คอมเมนท์: โรคต่อมไร้ท่อและ..


 Copyright 2026. Bcnsprnw @Library